000 01220nam a22002777a 4500
999 _c118633
_d118633
003 dpl
005 20190226131558.0
008 190226b ||||| |||| 00| 0 eng d
010 _aB-075597
020 _c225.00
_a8170370213
035 _aB-075597, B-110648
037 _bCen Lib/Ret
040 _aDPL
_bHN
_c0
082 _a822.08
_bजोशीज्यो
100 _aजोशी, ज्योतिष
_981217
245 _aकृति आकृति :
_cज्योतिष जोशी
_bललित कला और नाटक रंगमंच पर अनुशीलन /
246 _aKriti akriti : lalit kala aur natak angmanch par anusheelan /
_bby Jyotish Joshi /
260 _aनयी दिल्ली
_bपूर्वोदय प्रकशन
_c2002
270 _bनयी दिल्ली
_a7/8, दरियागंज
_e110002
300 _a175पृ.
_c20सेमी(सजिल्द )
650 _aसाहित्य--नाटक
_x
_z
_981218
650 _aहिंदी--नाटक
_981219
650 _aLiterature -drama
_981220
650 _aHindi --drama
_981221
942 _2ddc
_cHN
_h822.08
_mजोशीज्यो